| 000 | 00568nam a22002057a 4500 | ||
|---|---|---|---|
| 005 | 20251108165156.0 | ||
| 008 | 250721s1973 xx 000 0 ara d | ||
| 082 | 1 | 4 | _a575.0162/دار |
| 100 | 1 | _aداروين، تشارلز | |
| 245 | 1 | 0 | _aأصل الأنواع / |
| 264 | 1 |
_aبيروت : _bمكتبة النهضة، _c1973. |
|
| 300 | _a784ص | ||
| 650 | 1 | 7 | _aالتطور |
| 650 | 1 | 7 | _aالإنسان |
| 650 | 1 | 7 | _aالآثار |
| 650 | 1 | 7 | _aنظرية التطور |
| 700 | 1 |
_aمظهر، إسماعيل _eترجمة |
|
| 942 |
_2ddc _cBK |
||
| 999 |
_c21311 _d21311 |
||